000 00781nam a22001817a 4500
999 _c60731
_d60731
005 20231016145742.0
008 231016s1980ru xxu||||| |||| 00| 0 rus d
041 _arus
080 _a902 Л-25
100 _aЛАРИЧЕВ, ВИТАЛИЙ ЕПИФАНОВИЧ
_920085
245 _aСад Эдема /
_bЛаричев, Виталий Епифанович
264 _aМосква :
_bПолитиздат,
_c1980.
300 _a397, [3] с.
_b[9] л. ил., ил.;
_c23 см.
653 _aСад Эдема
653 _aантропология, археология, происхождение человека
653 _aანთროპოლოგია, არქეოლოგია, ადამიანის წარმოშობა
942 _2udc
_cBK